000
00348 a2200157 4500
001
186013
020
_a
85-7666-333-3
040
_c
Magnum
100
_a
Maluhy, Suzana
240
1
0
_a
Ciências 8ª série
_l
por
245
1
0
_a
Ciências 8ª série
300
_a
440
1
_a
Escala Educacional
697
_a
CIÊNCIAS AMBIENTAIS
942
_c
BK
999
_c
186013
_d
186013